MARC

LEADER 00000nam0a2200000 4500
001 311831
005 20231102002426.0
035 |a (RuTPU)RU\TPU\book\337196 
090 |a 311831 
100 |a 20151212d1981 k y0rusy50 ca 
101 0 |a rus 
102 |a RU 
105 |a a z 001zy 
200 1 |a Методы разведочной геофизики. Теория и практика интерпретации в рудной геофизике  |e сборник научных трудов  |f Научно-производственное объединение "Рудгеофизика" ; под ред. В. А. Комарова 
210 |a Ленинград  |c Изд-во Рудгеофизика  |d 1981 
215 |a 122 с.  |c ил. 
320 |a Библиогр. в конце ст. 
606 1 |a Геофизика промысловая  |2 stltpush  |3 (RuTPU)RU\TPU\subj\51479  |9 70072 
610 1 |a прикладная геофизика 
610 1 |a разведочная геофизика 
610 1 |a рудная геофизика 
610 1 |a интерпретация 
610 1 |a электроразведка 
610 1 |a магниторазведка 
610 1 |a гравиразведка 
610 1 |a алгоритмы 
610 1 |a решение 
610 1 |a обратные задачи 
610 1 |a геометрические параметры 
610 1 |a геофизические модели 
675 |a 550.83  |v 4 
702 1 |a Комаров  |b В. А.  |4 340 
712 0 2 |a Научно-производственное объединение "Рудгеофизика"  |2 stltpush  |3 (RuTPU)RU\TPU\col\9324  |9 24685 
801 1 |a RU  |b 63413507  |c 20151212 
801 2 |a RU  |b 63413507  |c 20191107  |g RCR 
942 |c BK